000
00322nam a22001457a 4500
003
OSt
005
20160727222357.0
008
160622b xxu||||| |||| 00| 0 eng d
040
_c
TEST
100
_9
578
_a
Hoff, B
245
_a
The tao of Poah
260
_a
N.Y
_b
Dutton
_c
1956
300
_a
The tao of Poah
942
_2
ddc
_c
BK
999
_c
479
_d
479